Nghiên cứu tổng hợp và đặc trưng xúc tác nanospinel ZnAl2O4 /

Gespeichert in:
Bibliographische Detailangaben
1. Verfasser: Ngô Thị Thuận.
Weitere Verfasser: Hoa Hữu Thu., Nguyễn Hồng Vinh., Nguyễn Thị Mai.
Format: Artikel
Sprache:Vietnamese
Tags: Tag hinzufügen
Keine Tags, Fügen Sie den ersten Tag hinzu!
Thư viện lưu trữ: Thư viện Trường Đại học Đà Lạt
LEADER 00796nam a2200265 4500
001 DLU150168780
005 ##20150413
040 # # |a DLU  |b vie 
041 # # |a vie 
044 # # |a vn 
100 # # |a Ngô Thị Thuận. 
245 # # |a Nghiên cứu tổng hợp và đặc trưng xúc tác nanospinel ZnAl2O4 /  |c Ngô Thị Thuận, ...[và những người khác]. 
700 # # |a Hoa Hữu Thu. 
700 # # |a Nguyễn Hồng Vinh. 
700 # # |a Nguyễn Thị Mai. 
773 # # |t Hóa học  |g Số 3, 2010, tr. 329-333 
920 # # |a Phòng Tạp chí -- Trung tâm Thông tin - Thư viện Trường Đại học Đà Lạt 
994 # # |a DLU 
900 # # |a True 
911 # # |a Hoàng Thị Huyền 
925 # # |a G 
926 # # |a A 
927 # # |a BB 
980 # # |a Thư viện Trường Đại học Đà Lạt